| 000 | 00390nam a22001697a 4500 | ||
|---|---|---|---|
| 005 | 20260402125843.0 | ||
| 008 | 160627b xxu||||| |||| 00| 0 eng d | ||
| 020 | _a978-0-09-951-384-1 | ||
| 041 | _aeng | ||
| 082 | _a823.912 | ||
| 100 |
_aWod house, P.G. _92870 |
||
| 245 | _aUncle Fred in the Springtime | ||
| 260 | _bRupa | ||
| 300 | _a275 | ||
| 650 |
_alife skill _98393 |
||
| 942 | _cBK | ||
| 999 |
_c4156 _d4155 |
||